| 000 | 00451cam a22001337a 4500 | ||
|---|---|---|---|
| 008 | 180718b1989 xxu||||| |||| 00| 0 eng d | ||
| 082 | _aA81x54 In2/81/22/PT9/7 | ||
| 100 | _aCensus of India 1981 | ||
| 245 | _aUttar Pradesh: special tables for scheduled castes | ||
| 260 |
_aDelhi _bThe Controller of Publications _c1989 |
||
| 300 | _a1125+p. | ||
| 440 | _aCensus of India 1981. Series-22, Uttar Pradesh. Part-IX (vii) | ||
| 500 | _aContents: Table SC-6 | ||
| 999 |
_c483419 _d483419 |
||